Współczesne państwa Imperium Brytyjskiego w 1921 r - Statystyki

Ogólne statystyki
  • Ten quiz został rozwiązany 303 razy
  • Średni wynik to 51 z 71
Odpowiedzi na mapie
Odpowiedzi zakodowano w zielono-czerwonej skali na mapie do tego quizu, zgodnie z poniższymi procentami.
 
Statystyki odpowiedzi
Kraj % Poprawnych
Kanada
99%
Wielka Brytania
97%
Irlandia
96%
Indie
95%
Australia
94%
Egipt
93%
Republika Południowej Afryki
93%
Pakistan
90%
Sudan
89%
Nowa Zelandia
87%
Oman
87%
Jemen
86%
Irak
84%
Izrael
84%
Papua-Nowa Gwinea
84%
Sri Lanka
84%
Mjanma
83%
Nigeria
83%
Sudan Południowy
83%
Jordania
82%
Bangladesz
81%
Kenia
81%
Lesotho
81%
Gujana
80%
Malezja
80%
Katar
79%
Zjednoczone Emiraty Arabskie
79%
Botswana
76%
Namibia
76%
Tanzania
76%
Zambia
76%
Bahamy
75%
Singapur
75%
Bhutan
74%
Zimbabwe
74%
Bahrajn
72%
Jamajka
72%
Somalia /(Somaliland)
72%
Kuwejt
71%
Eswatini
70%
Uganda
70%
Cypr
69%
Belize
67%
Brunei
67%
Ghana
66%
Libia
64%
Malawi
63%
Sierra Leone
63%
Gambia
62%
Chiny / (Hong Kong)
61%
Barbados
58%
Fidżi
57%
Malediwy
57%
Saint Kitts i Nevis
57%
Saint Lucia
57%
Saint Vincent i Grenadyny
56%
Trynidad i Tobago
56%
Vanuatu
56%
Antigua i Barbuda
55%
Grenada
55%
Wyspy Salomona
54%
Seszele
53%
Dominika
51%
Kamerun
51%
Malta
51%
Kiribati
49%
Nauru
49%
Tonga
48%
Mauritius
47%
Tuvalu
47%
Samoa
46%
Nie znaleziono quizów pasujących do podanych kryteriów
Rozkład punktacji
Procent ludzi z każdym wynikiem
Percentyl według liczby udzielonych odpowiedzi
Twoja historia wyników
Nie rozwiązałeś tego quizu